[Event "AUT-ch U12"]
[Site "Deutschlandsberg"]
[Date "2006.??.??"]
[Round "3"]
[White "Posch, Florian"]
[Black "Steiner, Lucia"]
[Result "0-1"]
[WhiteElo "1396"]
[BlackElo "1403"]
[PlyCount "82"]
[EventDate "2006.06.??"]
[EventType "swiss"]
[EventRounds "7"]
[EventCountry "AUT"]
[SourceTitle "EXT 2009"]
[Source "ChessBase"]
[SourceDate "2008.11.26"]
[SourceVersion "1"]
[SourceVersionDate "2008.11.26"]
[SourceQuality "1"]

1. e4 e5 2. Nf3 Nc6 3. Bc4 Bc5 4. d3 h6 5. Nc3 Nf6 6. 0-0 0-0 7. Be3 Bb6 8. Nd5 d6 9. h3 Be6 10. Qd2 Kh7 11. c3 Na5 12. Nxb6 axb6 13. Bxe6 fxe6 14. b4 Nc6 15. b5 Ne7 16. Rfc1 d5 17. exd5 exd5 18. Nxe5 Qe8 19. c4 dxc4 20. dxc4 Ng6 21. Nxg6 Qxg6 22. Qc2 Qxc2 23. Rxc2 Rad8 24. Rd2 Rxd2 25. Bxd2 Ne4 26. Be3 Nc3 27. Bd4 Ne2+ 28. Kf1 Nxd4 29. Rd1 Nf5 30. Rd3 Nd6 31. c5 bxc5 32. b6 Nb5 33. a4 Nd4 34. bxc7 Rc8 35. Ke1 Rxc7 36. Kd2 Kg6 37. Kc3 b6 38. Kc4 Kf5 39. Re3 Rd7 40. Ra3 Ke5 41. Re3+ Kd6 0-1